000 00567nam a22001817a 4500
999 _c190059
_d190059
005 20220718120332.0
008 220718b ||||| |||| 00| 0 eng d
022 _a2349-0225
082 _a840.08
245 _aجہا ن غا لب
246 _aJahan-e-Ghalib
_hUrdu
260 _aNew Delhi
_bGhalib Academy
_c2019
300 _a112 ص
_c22cm(pbk)
310 _aHalf Yearly
362 _avolume 14 issue 27 Dec 2018-June 2019
270 _a168/1, Basti Hazrat Nizamuddin
_bNew Delhi
_dIndia
_e110006
942 _2ddc
_cSR
_h840.08
_mج ہ ا
_s1